Dobytie Bastily II /

Enregistré dans:
Détails bibliographiques
Auteur principal: DUMAS, Alexander (Auteur)
Format: Livre
Langue:slovaque
Publié: Bratislava; Tatran 1973
Édition:1. vydanie
Collection:Hviezdoslavova knižnica, 224. zväzok
Tags: Ajouter un tag
Pas de tags, Soyez le premier à ajouter un tag!

MARC

LEADER 00000nam a22000003a 4500
001 0102916
003 SK-STU
005 20230626155723.2
007 ta
008 230626s ----xo-----e------000-0-----d
040 |a STU  |b slo 
041 0 |a slo 
044 |a xo 
100 1 |a DUMAS, Alexander  |4 aut 
245 1 0 |a Dobytie Bastily II /  |c aut. Alexander DUMAS 
250 |a 1. vydanie 
260 |a Bratislava;  |b Tatran  |c 1973 
300 |a 352 s. 
490 0 |a Hviezdoslavova knižnica,  |v 224. zväzok 
996 |c I* 4SOA13966  |l I  |s A  |a 24  |w 0102916_0001